Pokémon - Les attaques de Évoli - Statistiques

Statistiques générales
  • Ce quiz a été pris 40 fois
  • Le résultat moyen est 10 sur 16
Statistiques - réponses
Niveaux Types Noms des attaques % Correct
Départ Normal Charge
97%
Départ Normal Mimi-Queue
83%
Niveau 10 Normal Vive-Attaque
83%
Niveau 25 Ténèbres Morsure
80%
Niveau 5 Sol Jet de Sable
77%
Niveau 40 Normal Bélier
74%
Niveau 50 Normal Damoclès
74%
Départ Normal Rugissement
66%
Niveau 45 Fée Charme
63%
Niveau 55 Normal Dernier Recours
63%
Niveau 20 Normal Météores
57%
Niveau 15 Fée Regard Touchant
57%
Départ Normal Coup d'Main
40%
Niveau 35 Normal Relais
34%
Départ Normal Implore
29%
Niveau 30 Normal Photocopie
29%
Aucun quiz correspondant
Distribution des résultats
% des personnes avec chaque résultat
Percentile par nombre de réponses
Votre historique - résultats
Vous n’avez pas pris ce quiz